Administración regional en América Latina /

में बचाया:
ग्रंथसूची विवरण
मुख्य लेखक: Rofma
निगमित लेखक: Centro Latinoamericano de Administración para el Desarrollo
अन्य लेखक: Da Siva, Alces Pagaza, Pichardo Travieso Negrón Funes Makón Monroy Stohr Alva, Neira Alienza Corser, Izquierdo
स्वरूप: मूलपाठ
प्रकाशित: Buenos Aires: Gráfica Santo Domingo
टैग: टैग जोड़ें
कोई टैग नहीं, इस रिकॉर्ड को टैग करने वाले पहले व्यक्ति बनें!

MARC

LEADER 00000 a a2200000 04500
001 22174
003
040
090 |a 150200  
100 |a Rofma  
110 |a Centro Latinoamericano de Administración para el Desarrollo  
245 |a Administración regional en América Latina /  |c Rofma  
260 |a Buenos Aires:   |b Gráfica Santo Domingo  
300 |a 328 p.  
700 |a Da Siva, Alces   |a Pagaza, Pichardo   |a Travieso   |a Negrón   |a Funes   |a Makón   |a Monroy   |a Stohr   |a Alva, Neira   |a Alienza   |a Corser, Izquierdo  
999 |c 2688  |d 2688